Výsledky budú až po prechodnom období

Systém zálohovania PET fliaš bol spustený v januári 2022. V praxi sa rozbiehal pomaly, obchodníci apelovali na nedostatočné edukovanie spotrebiteľov. Slovensko chce zvýšiť množstvo zberu PET fliaš a plechoviek zo súčasných 60 percent na 90. Prečo je zálohovanie dôležité - skúsenosti zo zahraničia.

Gespeichert in:
Bibliographische Detailangaben
1. Verfasser: Javorčíková, Beáta
Format: Buchkapitel
Sprache:Slowakisch
Schlagworte:
Tags: Tag hinzufügen
Keine Tags, Fügen Sie das erste Tag hinzu!

MARC

LEADER 00000naa a2200000 4500
001 0283366
005 20240417075203.0
041 0 |a slo 
044 |a SK 
245 1 0 |a Výsledky budú až po prechodnom období  |c Beáta Javorčíková 
520 |a Systém zálohovania PET fliaš bol spustený v januári 2022. V praxi sa rozbiehal pomaly, obchodníci apelovali na nedostatočné edukovanie spotrebiteľov. Slovensko chce zvýšiť množstvo zberu PET fliaš a plechoviek zo súčasných 60 percent na 90. Prečo je zálohovanie dôležité - skúsenosti zo zahraničia. 
610 2 0 |a reťazce obchodné 
610 2 0 |a recyklácia odpadu 
610 2 0 |a spracovanie odpadu 
610 2 0 |a plasty 
610 2 0 |a obaly 
100 1 |a Javorčíková, Beáta